| 000 | 00958cam a2200217 4500 | ||
|---|---|---|---|
| 008 | 031029n2002 000 0 eng u | ||
| 020 | _a0127708510 | ||
| 035 | _a(Sirsi) u124139 | ||
| 041 | _aeng | ||
| 050 |
_a658.404 _c18 |
||
| 100 | _aYescombe, E. R. | ||
| 245 | _aPrinciples of project finance | ||
| 260 |
_aLondon _bAcademic Press _c2002 |
||
| 300 |
_axiv, 344p. _c24cm. |
||
| 350 | _a50 | ||
| 520 | _aThis text offers a comprehensive guide to the theory and practice of project finance and includes an international scope, covering projects in the developed and developing worlds. Discusses sources of project finance; typical commercial contracts and their impact on the project finance structure; risk assessment; structuring the project finance debt; and key issues in negotiating a project finance debt facility. Glossary. | ||
| 650 | _aPROJECT FINANCE | ||
| 650 | _aPROJECT FUNDING | ||
| 690 |
_aProject management _96261 |
||
| 942 | _n0 | ||
| 999 |
_c103166 _d103166 |
||